Score 0/15 Timer 04:00
0 Plays Today
% Correct
The Beatles
99.3%
Sporcle
89.3%
William Shakespeare
86.4%
The Bible
80%
Chess
79.5%
Paris
79.1%
Michael Jordan
69.7%
Abraham Lincoln
69.5%
% Correct
Santa Claus
69.3%
Harvard University
62.8%
English language
55.2%
CNN
53.5%
Casablanca
53.3%
Oxygen
33.2%
Calvin and Hobbes
30.8%
Remove Ads.
Support Sporcle.
Get the best of Sporcle when you Go Orange. This ad-free experience offers more features, more stats, and more fun while also helping to support Sporcle. Thank you for becoming a member.

You're not logged in!

Compare scores with friends on all Sporcle quizzes.
OR
Log In

Show Comments

Extras

Top Quizzes Today


Score Distribution

Your Account Isn't Verified!

In order to create a playlist on Sporcle, you need to verify the email address you used during registration. Go to your Sporcle Settings to finish the process.

Report this User

Report this user for behavior that violates our Community Guidelines.

Details: